Behavioural ecotoxicology
Behavioural ecotoxicology is an emerging field dealing with the effects of environmental pollutants on the behaviour of animals. Behavioural techniques derived from experimental psychology, behavioural pharmacology and neurotoxicology are applied to detect and characterise changes in animals living...
Đã lưu trong:
| 格式: | 圖書 |
|---|---|
| 語言: | Undetermined |
| 出版: |
New York, NY.
Wiley
2002
|
| 主題: | |
| 標簽: |
添加標簽
沒有標簽, 成為第一個標記此記錄!
|
| Thư viện lưu trữ: | Trung tâm Học liệu Trường Đại học Cần Thơ |
|---|
| LEADER | 01104nam a2200193Ia 4500 | ||
|---|---|---|---|
| 001 | CTU_141704 | ||
| 008 | 210402s9999 xx 000 0 und d | ||
| 082 | |a 591.5 | ||
| 082 | |b B419 | ||
| 245 | 0 | |a Behavioural ecotoxicology | |
| 245 | 0 | |c Edited by Giacomo Dell’Omo | |
| 260 | |a New York, NY. | ||
| 260 | |b Wiley | ||
| 260 | |c 2002 | ||
| 520 | |a Behavioural ecotoxicology is an emerging field dealing with the effects of environmental pollutants on the behaviour of animals. Behavioural techniques derived from experimental psychology, behavioural pharmacology and neurotoxicology are applied to detect and characterise changes in animals living in the environment exposed to various pollutants. Behavioural effects are then interpreted in an ecological context considering the long-term relevance of these changes at both the individual and population level. | ||
| 650 | |a Hành vi động vật,Ô nhiễm,Animal behavior,Pollution | ||
| 650 | |x Diện mạo môi trường,Environmental aspects | ||
| 904 | |i Trọng Hải | ||
| 980 | |a Trung tâm Học liệu Trường Đại học Cần Thơ | ||